Vista normal
Vista MARC
Entrada Personal Name
Número de registros utilizados en: 1
001 - CONTROL NUMBER
- control field: 41076
003 - CONTROL NUMBER IDENTIFIER
- control field: OSt
005 - DATE AND TIME OF LATEST TRANSACTION
- control field: 20211011124359.0
008 - FIXED-LENGTH DATA ELEMENTS
- fixed length control field: 211011|| aca||aabn | a|a d
040 ## - CATALOGING SOURCE
- Original cataloging agency: OSt
- Transcribing agency: OSt
100 ## - HEADING--PERSONAL NAME
- Personal name: Pérez Toro, José Alberto
670 ## - SOURCE DATA FOUND
- Source citation: Work cat.: (OSt)12660: Pérez Toro, José Alberto autor, Economía cafetera y desarrollo económico en Colombia /, 2013.